[Event "EU-Cup 33rd"]
[Site "Antalya"]
[Date "2017.10.12"]
[Round "5.6"]
[White "Alava, Mikko"]
[Black "Reimanis, Ritvars"]
[Result "0-1"]
[WhiteElo "2212"]
[BlackElo "2294"]
[PlyCount "82"]
[EventDate "2017.10.08"]
[EventType "team-swiss"]
[EventRounds "7"]
[EventCountry "TUR"]
[SourceTitle "CBM 181"]
[Source "ChessBase"]
[SourceDate "2017.11.10"]
[SourceVersion "1"]
[SourceVersionDate "2017.11.10"]
[SourceQuality "1"]
[WhiteTeam "Etela Vantaan"]
[BlackTeam "Riga Technical Univ"]
[WhiteTeamCountry "FIN"]
[BlackTeamCountry "LAT"]

1. e4 c5 2. Nf3 Nc6 3. b3 d6 4. Bb5 Bd7 5. 0-0 a6 6. Be2 Nf6 7. d3 g6 8. Bb2 Bg7 9. Nc3 0-0 10. Nd5 e6 11. Nxf6+ Bxf6 12. Bxf6 Qxf6 13. Qd2 b5 14. Rfd1 e5 15. c3 b4 16. cxb4 Nxb4 17. a3 Nc6 18. b4 Bg4 19. bxc5 Bxf3 20. Bxf3 Nd4 21. Rab1 dxc5 22. Qe3 Rab8 23. Rdc1 Rb6 24. Rxb6 Qxb6 25. Qd2 Rb8 26. Qc3 Qd6 27. Bd1 Rb3 28. Qc4 Rxa3 29. Rb1 Ra5 30. Bb3 Nxb3 31. Qxb3 Rb5 32. Qc2 Qb6 33. Rc1 Rb2 34. Qc3 Rb1 35. g3 Rxc1+ 36. Qxc1 Kg7 37. Qc3 Qd6 38. Qc4 a5 39. Qb5 a4 40. Qxa4 Qxd3 41. Qe8 Qb1+ 0-1

[Event "EU-Cup 33rd"]
[Site "Antalya"]
[Date "2017.10.08"]
[Round "1.6"]
[White "Goganov, Aleksey"]
[Black "Alava, Mikko"]
[Result "1-0"]
[WhiteElo "2571"]
[BlackElo "2212"]
[PlyCount "48"]
[EventDate "2017.10.08"]
[EventType "team-swiss"]
[EventRounds "7"]
[EventCountry "TUR"]
[SourceTitle "CBM 181"]
[Source "ChessBase"]
[SourceDate "2017.11.10"]
[SourceVersion "1"]
[SourceVersionDate "2017.11.10"]
[SourceQuality "1"]
[WhiteTeam "Mednyi Vsadnik"]
[BlackTeam "Etela Vantaan"]
[WhiteTeamCountry "RUS"]
[BlackTeamCountry "FIN"]

1. d4 Nf6 2. c4 g6 3. Nc3 Bg7 4. e4 d6 5. h3 0-0 6. Nf3 e5 7. d5 a5 8. g4 Na6 9. Bg5 Qe8 10. Nd2 Nd7 11. a3 f5 12. gxf5 gxf5 13. exf5 Rxf5 14. Be3 Nf8 15. Bd3 Rh5 16. Nde4 Rxh3 17. Rg1 Kh8 18. Ng5 Rh4 19. Qf3 Bd7 20. 0-0-0 Qh5 21. Nf7+ Kg8 22. Nh6+ Kh8 23. Rxg7 Kxg7 24. Rg1+ Qg6 1-0

[Event "FIN-chT2 Gp2 1617"]
[Site "Finland"]
[Date "2017.02.04"]
[Round "6.1"]
[White "Aberg, Tomi"]
[Black "Alava, Mikko"]
[Result "1/2-1/2"]
[WhiteElo "2111"]
[BlackElo "2211"]
[PlyCount "77"]
[EventDate "2016.09.17"]
[EventType "team-tourn"]
[EventRounds "7"]
[EventCountry "FIN"]
[SourceTitle "EXT 2019"]
[Source "ChessBase"]
[SourceDate "2018.10.10"]
[SourceVersion "1"]
[SourceVersionDate "2018.10.10"]
[SourceQuality "1"]
[WhiteTeam "Helsinki Passi"]
[BlackTeam "Vantaa EtVaS II"]
[WhiteTeamCountry "FIN"]
[BlackTeamCountry "FIN"]

1. d4 Nf6 2. c4 g6 3. Nc3 Bg7 4. e4 d6 5. Nf3 0-0 6. Be2 Bg4 7. 0-0 Nfd7 8. Ne1 Bxe2 9. Nxe2 e5 10. Be3 Nc6 11. d5 Ne7 12. b4 f5 13. f3 fxe4 14. fxe4 Rxf1+ 15. Kxf1 Qf8+ 16. Nf3 Nf6 17. Qd3 Ng4 18. Bg1 a5 19. b5 b6 20. h3 Nf6 21. g4 h6 22. Kg2 Qf7 23. Rf1 Rf8 24. Ng3 Qe8 25. Be3 g5 26. Nf5 Nxf5 27. gxf5 Qh5 28. Nd2 Kh7 29. Bf2 Rg8 30. Rh1 Bf8 31. Qf3 Be7 32. Qxh5 Nxh5 33. Kf3 Nf6 34. Rg1 Nh5 35. Be3 Rg7 36. Nf1 Nf6 37. Nh2 Bd8 38. Rg2 Be7 39. Rg1 1/2-1/2

[Event "FIN-chT 1415"]
[Site "Finland"]
[Date "2015.03.14"]
[Round "10.7"]
[White "Anttila, Perttu"]
[Black "Alava, Mikko"]
[Result "1-0"]
[WhiteElo "2127"]
[BlackElo "2206"]
[PlyCount "73"]
[EventDate "2014.09.27"]
[EventType "team-tourn"]
[EventRounds "11"]
[EventCountry "FIN"]
[SourceTitle "EXT 2016"]
[Source "ChessBase"]
[SourceDate "2015.10.08"]
[SourceVersion "1"]
[SourceVersionDate "2015.10.08"]
[SourceQuality "1"]
[WhiteTeam "Vantaa EtVaS"]
[BlackTeam "Helsinki Aatos"]
[WhiteTeamCountry "FIN"]
[BlackTeamCountry "FIN"]

1. e4 e6 2. d4 b6 3. Nf3 Bb7 4. Bd3 g6 5. 0-0 Bg7 6. Bg5 f6 7. Bf4 Ne7 8. c4 0-0 9. Qd2 d6 10. Bh6 e5 11. d5 Rf7 12. Nc3 Bxh6 13. Qxh6 Qf8 14. Qxf8+ Rxf8 15. b4 Nd7 16. Nd2 f5 17. f3 h6 18. Nb5 Rfc8 19. Nb3 fxe4 20. fxe4 a6 21. Nc3 Rf8 22. c5 bxc5 23. bxc5 dxc5 24. Na5 Bc8 25. Bc4 Kg7 26. Rxf8 Nxf8 27. Rf1 Ng8 28. d6 Be6 29. dxc7 Bxc4 30. Nxc4 Ne7 31. Nxe5 Kg8 32. Nd5 Nc8 33. Rf6 Ra7 34. Nc6 Ra8 35. Nce7+ Kg7 36. Nxc8 Rxc8 37. Rc6 1-0

[Event "EU-Cup 25th"]
[Site "Ohrid"]
[Date "2009.10.10"]
[Round "7.5"]
[White "Alava, Mikko"]
[Black "Jensen, Bjarke"]
[Result "1/2-1/2"]
[WhiteElo "2204"]
[BlackElo "2249"]
[PlyCount "109"]
[EventDate "2009.10.04"]
[EventType "team-swiss"]
[EventRounds "7"]
[EventCountry "MKD"]
[SourceTitle "CBM 133"]
[Source "ChessBase"]
[SourceDate "2009.11.19"]
[SourceVersion "1"]
[SourceVersionDate "2009.11.19"]
[SourceQuality "1"]
[WhiteTeam "Etela Vantaan"]
[BlackTeam "Jetsmark"]
[WhiteTeamCountry "FIN"]
[BlackTeamCountry "DEN"]

1. e4 c5 2. Nf3 d6 3. d4 cxd4 4. Nxd4 Nf6 5. Nc3 g6 6. g3 Bg7 7. Bg2 0-0 8. 0-0 Nc6 9. Nde2 Bd7 10. h3 Rc8 11. Nf4 Ne5 12. Nfd5 Nxd5 13. Nxd5 e6 14. Ne3 Qb6 15. Kh2 a5 16. f4 Nc4 17. Nxc4 Rxc4 18. c3 a4 19. a3 Bc6 20. Qe2 Qb3 21. Re1 Rc8 22. Bd2 Be8 23. Rab1 R4c7 24. Be3 Qc4 25. Rbd1 Bf8 26. Bb6 Rc6 27. Ba5 Qxe2 28. Rxe2 Bd7 29. Bb4 Rb6 30. Red2 Be8 31. Kg1 h5 32. h4 f5 33. exf5 gxf5 34. Bxd6 Bxd6 35. Rxd6 Rxb2 36. Rxe6 Bf7 37. Re7 Rxc3 38. Rd8+ Kg7 39. Rdd7 Rxg3 40. Rxf7+ Kg8 41. Rfe7 Rbxg2+ 42. Kf1 Rg7 43. Rd8+ Kh7 44. Re5 Ra2 45. Rxf5 Rc7 46. Rxh5+ Kg6 47. Rhd5 Rc1+ 48. Rd1 Rxd1+ 49. Rxd1 Rxa3 50. Ke2 Rb3 51. Kd2 b5 52. Kc2 Kf5 53. h5 Rb4 54. Rb1 Rc4+ 55. Kd3 1/2-1/2

[Event "FIN-chT 0809"]
[Site "Finland"]
[Date "2009.02.14"]
[Round "6.8"]
[White "Fieandt, John"]
[Black "Alava, Mikko"]
[Result "1/2-1/2"]
[WhiteElo "2174"]
[BlackElo "2204"]
[PlyCount "33"]
[EventDate "2008.09.06"]
[EventType "team-tourn"]
[EventRounds "9"]
[EventCountry "FIN"]
[SourceTitle "EXT 2022"]
[Source "ChessBase"]
[SourceDate "2021.10.06"]
[SourceVersion "1"]
[SourceVersionDate "2021.10.06"]
[SourceQuality "1"]
[WhiteTeam "Helsinki HSK"]
[BlackTeam "Vantaa EtVaS"]
[WhiteTeamCountry "FIN"]
[BlackTeamCountry "FIN"]

1. d4 Nf6 2. Nf3 g6 3. c4 Bg7 4. Nc3 d6 5. e4 0-0 6. Be2 Bg4 7. Be3 e5 8. d5 Nfd7 9. Ng1 Bxe2 10. Ngxe2 f5 11. exf5 gxf5 12. f4 Qh4+ 13. g3 Qe7 14. 0-0 Nf6 15. h3 exf4 16. Bxf4 Ne4 17. Nd4 1/2-1/2

[Event "FIN-chT 0506"]
[Site "Finland"]
[Date "2006.03.12"]
[Round "9.8"]
[White "Alava, Mikko"]
[Black "Fieandt, John"]
[Result "1/2-1/2"]
[WhiteElo "2199"]
[BlackElo "2161"]
[PlyCount "21"]
[EventDate "2005.09.10"]
[EventType "team-tourn"]
[EventRounds "9"]
[EventCountry "FIN"]
[SourceTitle "EXT 2022"]
[Source "ChessBase"]
[SourceDate "2021.10.06"]
[SourceVersion "1"]
[SourceVersionDate "2021.10.06"]
[SourceQuality "1"]
[WhiteTeam "Vantaa EtVaS"]
[BlackTeam "Helsinki HSK"]
[WhiteTeamCountry "FIN"]
[BlackTeamCountry "FIN"]

1. e4 c5 2. Nf3 d6 3. d4 cxd4 4. Nxd4 Nf6 5. Nc3 a6 6. Be3 e6 7. Be2 Be7 8. 0-0 0-0 9. Kh1 Nc6 10. f4 Qc7 11. Qe1 1/2-1/2

[Event "FIN-chT 9900"]
[Site "Finland"]
[Date "2000.??.??"]
[Round "6.5"]
[White "Alava, Mikko"]
[Black "Franssila, Tommi"]
[Result "1/2-1/2"]
[WhiteElo "2200"]
[BlackElo "2192"]
[PlyCount "65"]
[EventDate "1999.??.??"]
[EventType "team-tourn"]
[EventRounds "9"]
[EventCountry "FIN"]
[SourceTitle "EXT 2001"]
[Source "ChessBase"]
[SourceDate "2000.11.22"]
[SourceVersion "1"]
[SourceVersionDate "2000.11.22"]
[SourceQuality "1"]
[WhiteTeam "Vantaa EtVaS"]
[BlackTeam "Jyvaskyla JyS"]
[WhiteTeamCountry "FIN"]
[BlackTeamCountry "FIN"]

1. e4 c5 2. Nf3 e6 3. d4 cxd4 4. Nxd4 Nf6 5. Nc3 Nc6 6. Ndb5 d6 7. Bf4 e5 8. Bg5 a6 9. Na3 b5 10. Nd5 Be7 11. Bxf6 Bxf6 12. c3 Ne7 13. Nc2 Nxd5 14. Qxd5 Be6 15. Qc6+ Ke7 16. Nb4 Qd7 17. a4 Qxc6 18. Nxc6+ Kd7 19. Nb4 Kc7 20. Bd3 a5 21. Nd5+ Bxd5 22. exd5 bxa4 23. Rxa4 Rhb8 24. Ra2 e4 25. Bxe4 Rxb2 26. Rxb2 Bxc3+ 27. Rd2 Re8 28. f3 f5 29. Kd1 Bxd2 30. Bxf5 Bf4 31. Bxh7 Rh8 32. Be4 Rxh2 33. Rxh2 1/2-1/2

[Event "FIN-chT 9900"]
[Site "Finland"]
[Date "1999.??.??"]
[Round "3"]
[White "Turunen, Markus"]
[Black "Alava, Mikko"]
[Result "1-0"]
[WhiteElo "2071"]
[BlackElo "2200"]
[PlyCount "89"]
[EventDate "1999.??.??"]
[EventType "team-tourn"]
[EventRounds "9"]
[EventCountry "FIN"]
[SourceTitle "EXT 2001"]
[Source "ChessBase"]
[SourceDate "2000.11.22"]
[SourceVersion "1"]
[SourceVersionDate "2000.11.22"]
[SourceQuality "1"]
[WhiteTeam "Joensuu SK"]
[BlackTeam "Vantaa EtVaS"]
[WhiteTeamCountry "FIN"]
[BlackTeamCountry "FIN"]

1. e4 e5 2. Bc4 Nf6 3. d3 c6 4. Nf3 d5 5. exd5 cxd5 6. Bb3 Nc6 7. 0-0 Be7 8. Re1 0-0 9. h3 e4 10. dxe4 dxe4 11. Qxd8 Bxd8 12. Nfd2 Bf5 13. Nc3 Nd4 14. Ndxe4 Nxe4 15. Nxe4 Nxb3 16. axb3 Re8 17. f3 Bb6+ 18. Be3 Bxe3+ 19. Rxe3 Bxe4 20. Rxe4 Rxe4 21. fxe4 a6 22. Rd1 Kf8 23. Rd7 b5 24. Kf2 Rc8 25. c3 Rc6 26. e5 Ke8 27. Rd6 Rxd6 28. exd6 Kd7 29. Ke3 Kxd6 30. Kd4 f6 31. b4 h5 32. Ke4 Ke6 33. b3 g6 34. c4 Kd6 35. c5+ Ke6 36. h4 Ke7 37. Kd5 Kd7 38. g3 g5 39. hxg5 fxg5 40. Ke5 Kc6 41. Kf5 h4 42. gxh4 gxh4 43. Kg4 a5 44. bxa5 Kxc5 45. b4+ 1-0

[Event "Helsinki EtVaS op"]
[Site "Helsinki"]
[Date "1995.??.??"]
[Round "?"]
[White "Alava, Mikko"]
[Black "Rychagov, Mikhail"]
[Result "1-0"]
[WhiteElo "2255"]
[BlackElo "2485"]
[PlyCount "98"]
[EventDate "1995.??.??"]
[EventType "swiss"]
[EventRounds "5"]
[EventCountry "FIN"]
[SourceTitle "EXT 1998"]
[Source "ChessBase"]
[SourceDate "1997.11.17"]
[SourceVersion "1"]
[SourceVersionDate "1997.11.17"]
[SourceQuality "1"]

1. e4 c5 2. Nf3 e6 3. d4 cxd4 4. Nxd4 Nf6 5. Nc3 d6 6. Be2 Be7 7. 0-0 0-0 8. Be3 a6 9. f4 Nc6 10. Qe1 Bd7 11. Qg3 Qc7 12. Rae1 b5 13. a3 Rac8 14. Kh1 Nxd4 15. Bxd4 Bc6 16. Bd3 Nh5 17. Qh3 g6 18. f5 e5 19. Be3 Bf6 20. Bh6 Bg7 21. Qe3 Qe7 22. Nd5 Bxd5 23. exd5 Bxh6 24. Qxh6 Qh4 25. Kg1 Qd4+ 26. Kh1 Qh4 27. Kg1 Qd4+ 28. Kh1 Qxd5 29. Re3 Qd4 30. Re4 Qxb2 31. Rh4 e4 32. f6 Qxf6 33. Rxf6 Nxf6 34. Bf1 Rxc2 35. Rf4 Nh5 36. Rxe4 Rfc8 37. Re1 R2c3 38. g4 Nf6 39. Qf4 Nd5 40. Qxd6 Ne3 41. Qxa6 Nxg4 42. h3 Nh6 43. Qxb5 R8c5 44. Qb8+ Kg7 45. Qb2 Kf8 46. Re5 Rc8 47. Qb4+ Kg8 48. Re8+ Rxe8 49. Qxc3 Nf5 1-0

[Event "FIN-chT"]
[Site "Finland"]
[Date "1994.??.??"]
[Round "?"]
[White "Alava, Mikko"]
[Black "Kivisto, Mikko"]
[Result "1/2-1/2"]
[WhiteElo "2285"]
[BlackElo "2285"]
[PlyCount "84"]
[EventDate "1994.??.??"]
[EventType "team"]
[EventRounds "11"]
[EventCountry "FIN"]
[SourceTitle "EXT 1998"]
[Source "ChessBase"]
[SourceDate "1997.11.17"]
[SourceVersion "1"]
[SourceVersionDate "1997.11.17"]
[SourceQuality "1"]

1. e4 e5 2. f4 d5 3. exd5 c6 4. Nc3 cxd5 5. fxe5 d4 6. Ne4 Nc6 7. Nf3 Bg4 8. Be2 Bxf3 9. Bxf3 Nxe5 10. 0-0 Be7 11. c3 d3 12. Qa4+ Qd7 13. Qxd7+ Kxd7 14. b3 Nh6 15. Bb2 f5 16. Ng3 Kc7 17. Bd5 g6 18. b4 Rhe8 19. a3 Bg5 20. Rad1 Nhg4 21. Rfe1 Nf6 22. c4 Neg4 23. Rxe8 Rxe8 24. Bf3 Ne5 25. Bxe5+ Rxe5 26. Nh1 Ne4 27. Nf2 Nxd2 28. Nxd3 Be3+ 29. Kh1 Re7 30. Bd5 g5 31. h3 h5 32. g4 hxg4 33. hxg4 fxg4 34. Kg2 Kd6 35. Nf2 Bf4 36. Ne4+ Nxe4 37. Bxe4+ Kc7 38. Re1 b6 39. c5 bxc5 40. bxc5 Re5 41. Re2 Rxc5 42. Rc2 Kb6 1/2-1/2

[Event "Heart of Finland op 04th"]
[Site "Jyvaskyla"]
[Date "1994.??.??"]
[Round "?"]
[White "Alava, Mikko"]
[Black "Kytoniemi, Jyrki"]
[Result "1/2-1/2"]
[WhiteElo "2260"]
[BlackElo "2290"]
[PlyCount "40"]
[EventDate "1994.07.??"]
[EventType "swiss"]
[EventRounds "9"]
[EventCountry "FIN"]
[SourceTitle "EXT 1997"]
[Source "ChessBase"]
[SourceDate "1996.11.15"]
[SourceVersion "1"]
[SourceVersionDate "1996.11.15"]
[SourceQuality "1"]

1. e4 e6 2. d4 d5 3. e5 c5 4. c3 Nc6 5. Nf3 Nge7 6. a3 c4 7. Nbd2 Na5 8. b4 cxb3 9. Nxb3 Nxb3 10. Qxb3 Nc6 11. Bd3 Be7 12. h4 h6 13. Rh3 Qc7 14. Rg3 Bf8 15. Nd2 Bd7 16. Bb2 0-0-0 17. c4 Na5 18. Qc3 dxc4 19. Nxc4 Nxc4 20. Qxc4 Qxc4 1/2-1/2